| 000 | 00544nam a2200181Ia 4500 | ||
|---|---|---|---|
| 005 | 20260622125333.0 | ||
| 008 | 131103s9999 xx 000 0 und d | ||
| 040 | _aLoreto College | ||
| 041 | _aEnglish | ||
| 082 |
_a232 _bTRA |
||
| 100 | _aTravers, Ian | ||
| 245 |
_aWhat Think You Of Christ ? _b a life of christ for non-christans or for those who would like to know him better _cIan Travers |
||
| 260 |
_aBombay _bSt Paul Publications _c[19?] |
||
| 300 | _a78p | ||
| 650 | _aJesu Christ and his family | ||
| 850 | _aLCLIB | ||
| 942 | _cBK | ||
| 999 |
_c24514 _d74993 |
||